000 004410000a22001810004500
003 MACL
005 20160114134223.0
008 160114b xxu||||| |||| 00| 0 eng d
040 _aMACL
_cMACL
041 _aEnglish
082 _a954/GHO
100 _aGhosh, Suniti Kumar
_9374
245 _aIndia And The Raj 1919-1947
260 _bSahitya Samsad
_aNew Delhi
_c2007
350 _a1200
650 _aHistory
_932226
942 _cBK
_k954
_2ddc
999 _c8644
_d8644